| 000 | 00670cam a22002413a 4500 | ||
|---|---|---|---|
| 001 | 6333 | ||
| 003 | PGUSA | ||
| 005 | 20140828083131.0 | ||
| 008 | 040801s2004||||xxu|||||s|||||000 | eng d | ||
| 040 |
_aPGUSA _beng |
||
| 042 | _adc | ||
| 050 | 4 | _aPN | |
| 100 | 1 |
_aWinter, Irvah Lester, _d1857-1934 |
|
| 245 | 1 | 0 |
_aPublic Speaking : _bPrinciples and Practice _h[electronic resource] / _cIrvah Lester Winter |
| 260 |
_bProject Gutenberg, _c2004 |
||
| 506 | _aPublic domain in the USA. | ||
| 516 | _aElectronic text | ||
| 653 | _aOratory | ||
| 653 | _aElocution | ||
| 830 | 0 |
_aProject Gutenberg _v6333 |
|
| 856 | 4 | 0 | _uhttp://www.gutenberg.org/ebooks/6333 |
| 942 | _cEB | ||
| 999 |
_c235656 _d235656 |
||